000 00698nam a2200289Ia 4500
005 20260324145909.0
008 008 260324s9999 xx 000 0 eng d
020 _a9781003521624
037 _aEBOOK
040 _aCRL
040 _beng
040 _cCRL
041 _2eng
041 _aeng
084 _qCRL
100 _aJane Chetwynd; Oonagh Hartnett
_91224571
245 4 _aThe Sex Role System
245 0 _bPsychological and Sociological Perspectives
260 _bTaylor and Francis
260 _c1977
365 _a
365 _b135
856 _uhttp://www.taylorfrancis.com/books/9781003521624
942 _cEBOOK
999 _c1833116
_d1833116